Experimental Psychology / (Record no. 1036)

MARC details
000 -LEADER
Fixed length control field 00502nam a2200181 4500
003 - CONTROL NUMBER IDENTIFIER
Control field SEACOMMC
005 - DATE AND TIME OF LATEST TRANSACTION
Control field 20250501144134.0
008 - FIXED-LENGTH DATA ELEMENTS--GENERAL INFORMATION
Fixed length control field 250129b |||||||| |||| 00| 0 eng d
020 ## - INTERNATIONAL STANDARD BOOK NUMBER / ISBN
International Standard Book Number 81-2041-708-9
Price Rs.330.00
040 ## - CATALOGING SOURCE
Original cataloging agency SEACOMMC
082 ## - DEWEY DECIMAL CLASSIFICATION NUMBER
Classification number 150.7
Book Number W 899
100 ## - MAIN ENTRY--PERSONAL NAME
Personal name Woodworth, Robert S.
245 1# - TITLE STATEMENT
Title Experimental Psychology /
Statement of responsibility Robert S. Woodworth.& Harold Schlosberg
250 ## - EDITION STATEMENT
Edition statement Rev.ed.
260 ## - IMPRINT
Place of publication New Delhi
Name of publisher Oxford & IBH
Date of publication 1971
650 ## - SUBJECT ADDED ENTRY--TOPICAL TERM
Topical term Psychophysiology
942 ## - ADDED ENTRY ELEMENTS (KOHA)
Koha item type Books
Holdings
Withdrawn status Lost status Source of classification Damaged status Not for loan Home library Current library Shelving location Date acquired Total Checkouts Call number Accession number Date last seen Price effective from Koha item type Copy number
    Dewey Decimal Classification     SEACOM MANAGEMENT COLLEGE SEACOM MANAGEMENT COLLEGE Reference 17/01/2008   150.7 W 899 M-1779 29/01/2025 29/01/2025 Books  
    Dewey Decimal Classification     SEACOM MANAGEMENT COLLEGE SEACOM MANAGEMENT COLLEGE   17/01/2008   150.7 W 899 M-1780 29/01/2025 29/01/2025 Books 1
© Seacom Engineering College, All rights reserved.    Powered by Koha